Examen Chimie Bio-organique - Statistiques

Statistiques générales
  • Ce quiz a été pris 146 fois
    106 depuis la dernière actualisation
  • Le résultat moyen est 12 sur 26
Statistiques - réponses
Par images Réponse % Correct
Phénol
90%
Nitrobenzène
75%
Pyridine
71%
Toluène
65%
Acide Benzoïque
63%
Aniline
60%
Naphtalène
60%
Anisole
48%
Pyridazine
48%
Pyrimidine
48%
Anthracène
47%
Benzophénone
45%
Triazine
45%
Acide isophtalique
43%
Benzamide
43%
m-Crésol
43%
Acide téréphtalique
42%
Pyrazine
42%
Acénaphtène
40%
Acide phtalique
35%
Acide salicylique
35%
Phénanthrène
33%
Acétophénone
32%
Acénaphtylène
30%
Benzaldéhyde
29%
o-Toluidine
29%
p-Anisidine
24%
Aucun quiz correspondant
Distribution des résultats
% des personnes avec chaque résultat
Percentile par nombre de réponses
Votre historique - résultats
Vous n’avez pas pris ce quiz depuis la dernière actualisation